Statistics for Köppen Climate Zones - Click Map Quiz

Click here to take the quiz!

General Stats

  • This quiz has been taken 403 times
  • The average score is 7 of 30

Answers on the Map

Answers color-coded by a green-red scale on the quiz's map according to % correct below.
Loading ...
 

Answer Stats

Answer% Correct
BWh (Hot Desert)
79%
EF (Ice Cap)
73%
Af (Tropical Rainforest)
67%
ET (Tundra/Alpine)
53%
BSh (Hot Semi-Arid)
35%
Aw (Savanna)
33%
BWk (Cold Desert)
30%
Cfa (Humid Subtropical)
29%
Csa (Hot Summer Mediterranean)
27%
Am (Tropical Monsoon)
27%
Csb (Warm Summer Mediterranean)
26%
Dfc (Subarctic)
26%
Dfd (Extremely Cold Subarctic)
22%
Dfb (Warm Summer Humid Continental)
15%
BSk (Cold Semi-Arid)
12%
Cfb (Temperate Oceanic)
11%
Dwd (Monsoon Extremely Cold Subarctic)
9%
Cwa (Monsoon Subtropical)
9%
Cwb (Subtropical Highland)
8%
Cfc (Subpolar Oceanic)
7%
Dsd (Mediterranean Extremely Cold Subarctic)
7%
Csc (Cold Summer Mediterranean)
6%
Cwc (Cold Subtropical Highland)
6%
Dwc (Monsoon Subarctic)
6%
Dsb (Mediterranean Warm Summer Continental)
6%
Dsc (Mediterranean Subarctic)
6%
Dwa (Monsoon Hot Summer Continental)
5%
Dwb (Monsoon Warm Summer Continental)
5%
Dfa (Hot Summer Humid Continental)
4%
Dsa (Mediterranean Hot Summer Continental)
4%

Score Distribution

Percentile by Number Answered

Percent of People with Each Score

Your Score History

You have not taken this quiz